<?xml version="1.0" encoding="UTF-8"?>
<record
    xmlns:xsi="http://www.w3.org/2001/XMLSchema-instance"
    xsi:schemaLocation="http://www.loc.gov/MARC21/slim http://www.loc.gov/standards/marcxml/schema/MARC21slim.xsd"
    xmlns="http://www.loc.gov/MARC21/slim">

  <leader>00904nab a2200253 uc4500</leader>
  <controlfield tag="001">646032</controlfield>
  <controlfield tag="005">20250206132231.0</controlfield>
  <controlfield tag="008">010213e20000901                    spa  </controlfield>
  <datafield tag="035" ind1=" " ind2=" ">
    <subfield code="a">646032</subfield>
  </datafield>
  <datafield tag="035" ind1=" " ind2=" ">
    <subfield code="a">(OCoLC)819880832</subfield>
  </datafield>
  <datafield tag="040" ind1=" " ind2=" ">
    <subfield code="c">comduadb</subfield>
  </datafield>
  <datafield tag="041" ind1=" " ind2=" ">
    <subfield code="a">spa</subfield>
  </datafield>
  <datafield tag="100" ind1="1" ind2="0">
    <subfield code="a">Gonzalez Meraz, Jorge</subfield>
    <subfield code="4">aut</subfield>
    <subfield code="e">aut</subfield>
    <subfield code="9">331288</subfield>
  </datafield>
  <datafield tag="245" ind1="1" ind2="0">
    <subfield code="a">Algunas relaciones ionicas simples para determinar la calidad  del agua subterranea en un distrito de riego en Mexico</subfield>
  </datafield>
  <datafield tag="650" ind1=" " ind2="7">
    <subfield code="a">Aniones</subfield>
    <subfield code="2">lemb</subfield>
    <subfield code="9">1414</subfield>
  </datafield>
  <datafield tag="650" ind1=" " ind2="7">
    <subfield code="a">Cationes</subfield>
    <subfield code="2">lemb</subfield>
    <subfield code="9">29174</subfield>
  </datafield>
  <datafield tag="650" ind1=" " ind2=" ">
    <subfield code="a">Conductividad el&#xE9;ctrica</subfield>
    <subfield code="9">25</subfield>
  </datafield>
  <datafield tag="650" ind1=" " ind2=" ">
    <subfield code="a">Normalizaci&#xF3;n</subfield>
    <subfield code="9">10035</subfield>
  </datafield>
  <datafield tag="650" ind1=" " ind2="7">
    <subfield code="a">An&#xE1;lisis de regresi&#xF3;n</subfield>
    <subfield code="2">lemb</subfield>
    <subfield code="9">39928</subfield>
  </datafield>
  <datafield tag="650" ind1=" " ind2="7">
    <subfield code="a">Aguas subterr&#xE1;neas</subfield>
    <subfield code="2">lemb</subfield>
    <subfield code="9">90</subfield>
  </datafield>
  <datafield tag="650" ind1=" " ind2="7">
    <subfield code="a">Calidad del agua</subfield>
    <subfield code="2">lemb</subfield>
    <subfield code="9">2118</subfield>
  </datafield>
  <datafield tag="773" ind1="0" ind2=" ">
    <subfield code="t">Ingenier&#xED;a Hidr&#xE1;ulica en M&#xE9;xico (Morelos)</subfield>
    <subfield code="g">Vol. 15, No. 03, Sep.-Dic. 2000, p. 117-125</subfield>
    <subfield code="w">110405</subfield>
    <subfield code="x">0186-4076</subfield>
    <subfield code="0">91028</subfield>
  </datafield>
  <datafield tag="942" ind1=" " ind2=" ">
    <subfield code="c">ARIMP</subfield>
  </datafield>
  <datafield tag="999" ind1=" " ind2=" ">
    <subfield code="c">190702</subfield>
    <subfield code="d">190702</subfield>
  </datafield>
</record>
